Pracovná cesta v tuzemsku a do zahraničia

Bibliographic Details
Main Authors: Inovecká, Draga (Author), Vallová, Jana, 1964- (Author)
Format: Book
Language:Slovak
PhysicalDescription:96 s. Tab., zoz. 21 cm
Published: Bratislava Eurounion 1995
ISBN:8085568519
Edition:3. aktualiz. vyd.
Series:Ekonomické a právne minimum podnikateľa
Subjects:

MARC

LEADER 00000cam a2200000 a 4500
001 vtls001059285
003 SK-MaSNL
005 20260301110650.0
008 240314s1995 xo b gr 00100 slo
015 |a SNBA1995/1002706 
020 |a 8085568519 
035 |a SNK000002103 
035 |a urn:nbn:sk:snk-amkdzv 
035 |a urn:nbn:sk:snk-am003ur2 
035 |a E6D93581-0969-48DF-8A72-0BCC44DE48C2 
040 |a SNK  |b slo  |c SNK  |e AACR2 
041 0 |a slo 
044 |a xo  |c SK 
080 |a 331.2(094)  |2 1981 
100 1 |a Inovecká, Draga  |4 aut  |9 10252 
245 1 0 |a Pracovná cesta v tuzemsku a do zahraničia  |c Draga Inovecká, Jana Vallová 
250 |a 3. aktualiz. vyd. 
260 |a Bratislava  |b Eurounion  |c 1995 
300 |a 96 s.  |b Tab., zoz.  |c 21 cm 
490 1 |a Ekonomické a právne minimum podnikateľa 
504 |a Vec. reg. 
650 0 7 |a pracovné cesty  |2 SNKPH  |9 301638 
650 0 7 |a cestovné náhrady  |2 SNKPH  |9 68784 
655 7 |a príručky  |2 SNKPH  |9 74364 
655 7 |a právne predpisy  |2 SNKPH  |9 70481 
700 1 |a Vallová, Jana,  |d 1964-  |4 aut  |9 231399 
830 0 |a Ekonomické a právne minimum podnikateľa  |9 283936 
919 |a 80-85568-51-9 
958 |a TL 
999 |c 703791  |d 705721 
952 |t P60, <03>, [BOOK], {603}  |a SNK  |b SNK  |y PREZ  |7 0  |o snkSC 89024  |i snkKSP 8258/95  |0 0  |1 0  |4 0  |d 1995-10-03  |l 0  |r 2004-12-31 00:00:00  |w 2026-02-23 
952 |t P60, <04>, [BOOK], {604}  |a SNK  |b SNK  |y VYP  |7 0  |p 17A0335209  |o snkSC 89024 D1  |i snkKSP 8259/95  |0 0  |1 0  |4 0  |d 1995-10-03  |l 0  |r 2004-12-31 00:00:00  |w 2026-02-23 
952 |t P60, <09>, [BOOK], {629}  |a SNK  |b SNK  |y NEVYP  |7 0  |o snkC 1585  |i snk3048/951004  |0 0  |1 0  |4 0  |d 1995-10-03  |l 0  |r 2004-12-31 00:00:00  |w 2026-02-23 
952 |a SNK  |b SNK  |y PREZ  |7 0  |p 17A1013667  |o snkSC 89024   |0 0  |1 0  |4 0  |d 2012-08-21  |f 1  |l 0  |r 2025-09-08 00:00:00  |w 2026-02-23